000 00213nam a22000857a 4500
008 230808b |||||||| |||| 00| 0 eng d
020 _a9781421530611
100 _aKusaka Hidenori
_97698
245 _aPokemon Adventures-8
999 _c12384
_d12384